Statistics for Most Popular Baby Names by State in 2022

Click here to take the quiz!

General Stats

  • This quiz has been taken 61 times
  • The average score is 28 of 51

Answer Stats

StateName% Correct
MississippiJames
69%
OklahomaOlivia
63%
Indiana
Oliver
58%
WyomingNoah
58%
MassachusettsNoah
58%
IllinoisNoah
58%
HawaiiNoah
58%
GeorgiaNoah
58%
MichiganNoah
58%
South CarolinaNoah
58%
OhioOliver
58%
OregonOliver
58%
NebraskaOliver
58%
South DakotaOliver
58%
UtahOliver
58%
WashingtonOliver
58%
MinnesotaOliver
58%
North DakotaOliver
58%
MissouriOliver
58%
MaineOliver
58%
AlaskaOliver
58%
IowaOliver
58%
IdahoOliver
58%
ArkansasOliver
58%
ColoradoOliver
58%
AlabamaWilliam
58%
MontanaWilliam
58%
ConnecticutLiam
56%
VirginiaLiam
56%
ArizonaLiam
56%
TexasLiam
56%
TennesseeLiam
56%
CaliforniaLiam
56%
Rhode IslandLiam
56%
PennsylvaniaLiam
56%
DelawareLiam
56%
MarylandLiam
56%
FloridaLiam
56%
North CarolinaLiam
56%
New YorkLiam
56%
New MexicoLiam
56%
New JerseyLiam
56%
NevadaLiam
56%
KansasLiam
56%
KentuckyLiam
56%
LouisianaLiam
56%
VermontHenry
44%
WisconsinHenry
44%
District of ColumbiaHenry
44%
West VirginiaAmelia
31%
New HampshireTheodore
19%

Score Distribution

Percentile by Number Answered

Percent of People with Each Score

Your Score History

You have not taken this quiz